|
|
|
|
| LEADER |
00000nam a22000007a 4500 |
| 005 |
20220509222749.0 |
| 007 |
cr|||| |||| |
| 008 |
220509s2021 es |||||s|||| 00||0 spa d |
| 020 |
|
|
|a 978-84-122827-7-1
|
| 035 |
|
|
|a 35608
|
| 040 |
|
|
|a vLex
|
| 090 |
|
|
|c 13298
|d 13298
|
| 100 |
1 |
|
|a Puigcerver Asor, Carlos
|
| 245 |
1 |
2 |
|a La segunda oportunidad de las personas naturales
|h [Recurso electrn̤ico] :
|b Real Decreto Legislativo 1/2020, de 5 de mayo, por el que se aprueba el texto refundido /
|c Carlos Puigcerver Asor, Federico Adan Domenech
|
| 256 |
|
|
|a Servicio en ln̕ea
|
| 260 |
|
|
|a Barcelona:
|b J.M. Bosch Editor,
|c 2021
|
| 300 |
|
|
|a 1 recurso electrn̤ico
|
| 500 |
|
|
|a Han transcurrido ya ms̀ de cinco aǫs desde la entrada en vigor del Real Decreto-Ley 1/2015, de 27 de febrero, de mecanismo de segunda oportunidad, reduccin̤ de carga financiera y otras medidas de orden social. Texto normativo en el cual se defiende que una persona fs̕ica, a pesar de un fracaso econm̤ico empresarial o personal, tenga la posibilidad de encarrilar nuevamente su vida e incluso de arriesgarse a nuevas iniciativas, sin tener que arrastrar indefinidamente una losa de deuda que nunca podr ̀satisfacer. Partiendo de este objetivo, el legislador instaur ̤un mecanismo extrajudicial y judicial que sirviese de cauce para solucionar, o, cuanto menos, aligerar la situacin̤ de insolvencia en la que se encuentra inmerso el deudor, mecanismo conocido como la segunda oportunidad. Sin embargo, si bien la voluntad del legislador result ̤ser loable y ±cargada» de buenas intenciones, no es menos cierto que, eran muchas las voces autorizadas que denunciaban que la regulacin̤ de esta institucin̤, pecaba de inconcrecin̤ y de lagunas legislativas que creaban incerteza e inseguridad jurd̕ica. La regulacin̤ de la segunda oportunidad es modificada y actualizada en el nuevo texto concursal. As,̕ el Real Decreto Legislativo 1/2020, de 5 de mayo, por el que aprueba el texto refundido de la Ley Concursal, concede una nueva regulacin̤ legislativa al mecanismo de la segunda oportunidad. Ante esta realidad, en el presente trabajo, pretendemos analizar la nueva regulacin̤ y dar soluciones a las cuestiones de mayor problemt̀ica, que en la prc̀tica presenta el mecanismo de la segunda oportunidad. Finalmente, dedicaremos el l︢timo capt̕ulo a analizar la regulacin̤ que sobre la segunda oportunidad se contiene en la Directiva UE 2019/1023 y algunos de los cambios ms̀ relevantes que ha de suponer en nuestra regulacin̤ nacional como consecuencia de su necesaria trasposicin̤ que deber ̀realizarse, conforme al artc̕ulo 34 Directiva, antes del 17 de julio de 2021.
|
| 506 |
1 |
|
|a Disponible solo en los productos indicados
|d vLex Global
|d vLex Global (Academic Edition, excluding Law Schools)
|d vLex Global (U.S. Academic Edition, Law Schools)
|d vLex Global (U.S. Academic Edition, excluding Law Schools)
|d vLex Global (Academic Edition, Law Schools)
|
| 650 |
0 |
4 |
|a Derecho Mercantil y de la Empresa
|z Espaą
|
| 650 |
0 |
4 |
|a Derecho Procesal
|z Espaą
|
| 700 |
1 |
|
|a Domenech, Federico Adan
|
| 740 |
0 |
|
|a vLex Libros (Servicio en ln̕ea)
|
| 856 |
4 |
0 |
|u https://app.vlex.com/#/sources/35608
|z Acceso restringido
|
| 942 |
|
|
|c BOOK
|
| 999 |
0 |
|
|a Commercial and Company Law
|
| 999 |
0 |
|
|a Procedural Law
|